50 największych miast Polski w 1938 r. - Statystyki

Ogólne statystyki
  • Ten quiz został rozwiązany 650 razy
  • Średni wynik to 24 z 50
Statystyki odpowiedzi
liczba mieszkańców nazwa miasta % Poprawnych
1 261 000 Warszawa
99%
242 404 Kraków
96%
653 402 Łódź
90%
265 077 Poznań
89%
317 249 Lwów
85%
101 000 Gdynia
83%
132 273 Katowice
83%
99 722 Białystok
80%
133 377 Bydgoszcz
78%
116 000 Lublin
78%
64 780 Toruń
78%
208 216 Wilno
77%
32 427 Rzeszów
73%
64 634 Kielce
71%
83 309 Radom
69%
133 644 Częstochowa
63%
121 889 Sosnowiec
60%
54 803 Tarnów
58%
77 647 Kalisz
57%
32 777 Płock
56%
52 149 Brześć nad Bugiem
51%
49 932 Grodno
50%
62 272 Przemyśl
49%
108 540 Chorzów
47%
34 224 Nowy Sącz
47%
65 348 Włocławek
47%
32 985 Gniezno
46%
58 896 Grudziądz
43%
51 634 Piotrków Trybunalski
43%
37 945 Siedlce
37%
38 956 Inowrocław
35%
30 471 Ostrów Wielkopolski
35%
40 854 Dąbrowa Górnicza
34%
37 106 Tarnopol
31%
29 947 Biała Krakowska
29%
37 600 Łuck
29%
30 000 Ostrowiec Świętokrzyski
25%
50 892 Pabianice
23%
43 892 Tomaszów Mazowiecki
21%
43 073 Równe
18%
35 842 Pińsk
17%
52 393 Będzin
14%
38 269 Siemianowice Śląskie
13%
28 229 Baranowicze
12%
31 586 Zawiercie
12%
29 222 Kowel
9%
34 766 Stryj
9%
35 500 Drohobycz
6%
34 440 Kołomyja
6%
44 932 Borysław
3%
Nie znaleziono quizów pasujących do podanych kryteriów
Rozkład punktacji
Procent ludzi z każdym wynikiem
Percentyl według liczby udzielonych odpowiedzi
Twoja historia wyników
Nie rozwiązałeś tego quizu